00463nam a2200169 a 450000100060000000300090000600800410001502000150005604000280007108200170009910000230011624500310013926000460017030000100021649000390022665000280026520201CO-ViMGA141112s2004 ck r 000 u spa d a8440690157 aCO-ViMGAbspacCO-ViMGA04a616.85 W454e1 aPearce, John M. S.10aLa Enfermedad de Parkinson aBarcelona : bEdiciones B Grupo Z, c1999 a80 p. aGuías Medicas, Salud y bienestar14aENFERMEDAD DE PARKINSON